000 00308nam a22001337a 4500
008 170714b xxu||||| |||| 00| 0 eng d
020 _a9780195968330
041 _aeng
080 _23RD
_a038
100 _a24
101 _aFJA
245 _aPOCKET OXFORD CHINESE DICTIONARY
_cMANSER, M.H
942 _2udc
_cBK
999 _c20965
_d20965